| 000 | 00562nam a22001937a 4500 | ||
|---|---|---|---|
| 003 | KOHA_MİRAKIL | ||
| 005 | 20251221180032.0 | ||
| 008 | 251221b tu ||||| |||| 00| 0 tur d | ||
| 020 | _a9786059427852 | ||
| 040 |
_aTR-AnABB _btur _cTR-AnABB |
||
| 041 | _atur | ||
| 082 |
_a306.0899435 _bTUR 2017 |
||
| 100 | 1 | _aTürkdoğan, Orhan, | |
| 245 | 1 | 0 |
_aTürk toplumunun birliktelik kimliği / _cOrhan Türkdoğan |
| 260 |
_aKonya : _bÇizgi Kitabevi Yayınları, _c2017 |
||
| 300 |
_a248 sayfa ; _c24 cm |
||
| 650 | 0 | 4 | _aTürk kimliği |
| 942 |
_2ddc _cBK |
||
| 999 |
_c9899 _d9899 |
||
| 900 | _bGizem YORULMAZ | ||